Department of Defense appropriations for 1975 : hearings before a subcommittee of the Committee on Appropriations, United States Senate, Ninety-third Congress, second session ...

Bibliographic Details
Corporate Authors: United States. Congress. Senate. Committee on Appropriations. Subcommittee on Department of Defense, ProQuest (Firm)
Format: Government Document eBook
Language:English
Published: Washington : U.S. Govt. Print. Off, 1974.
Series:U.S. Congressional Hearings.
Subjects:
Online Access:Connect to the full text of this electronic book
Connect to the full text of this electronic book
Connect to the full text of this electronic book
Connect to the full text of this electronic book
Connect to the full text of this electronic book

MARC

Tag First Indicator Second Indicator Subfields
LEADER 00000cam a22000001a 4500
001 in00003188521
006 m d f
007 cr bn mmmapmmp
008 090922s1974 dcua o f000 0 eng d
005 20260511195906.7
035 |a cis2007438871 
040 |a UMI  |c UMI  |d UtOrBLW 
043 |a n-us--- 
086 0 |a Y 4.Ap 6/1:D 36/5/975/pt.1-5 
099 |a HRG-1974-SAP-0042 
099 |a HRG-1974-SAP-0010 
099 |a HRG-1974-SAP-0011 
099 |a HRG-1974-SAP-0012 
099 |a HRG-1973-SAP-0012 
110 1 |a United States.  |b Congress.  |b Senate.  |b Committee on Appropriations.  |b Subcommittee on Department of Defense. 
245 1 0 |a Department of Defense appropriations for 1975 :  |b hearings before a subcommittee of the Committee on Appropriations, United States Senate, Ninety-third Congress, second session ... 
264 1 |a Washington :  |b U.S. Govt. Print. Off,  |c 1974. 
300 |a 1 online resource. 
336 |a text  |b txt  |2 rdacontent 
337 |a computer  |b c  |2 rdamedia 
338 |a online resource  |b cr  |2 rdacarrier 
500 |a Record is based on bibliographic data in ProQuest Congressional Hearings Digital Collection. Reuse except for individual research requires license from ProQuest, LLC. 
538 |a System requirements: PDF reader software. 
500 |a Electronic resource. 
610 1 0 |a United States.  |b Department of Defense  |x Appropriations and expenditures. 
655 7 |a Electronic books.  |2 local 
710 2 |a ProQuest (Firm) 
776 0 8 |i Print version:  |a United States. Congress. Senate. Committee on Appropriations. Subcommittee on Dept. of Defense.  |t Department of Defense appropriations for 1975 
776 0 8 |i Microfiche version:  |a United States. Congress. Senate. Committee on Appropriations. Subcommittee on Dept. of Defense.  |t Department of Defense appropriations for 1975.  |d [Bethesda, Md.] : ProQuest,[2004]  |o CIS 74 S181-42 (pt. 1)  |o CIS 75 S181-1 (pt. 2)  |o CIS 75 S181-2 (pt. 3)  |o CIS 75 S181-3 (pt. 4)  |o CIS 74 S181-5 (pt. 5)  |w (ProQuest)cis07400756 
830 0 |a U.S. Congressional Hearings. 
856 4 0 |u http://proxy.library.tamu.edu/login?url=https://congressional.proquest.com/congcomp/getdoc?HEARING-ID=HRG-1974-SAP-0042  |z Connect to the full text of this electronic book  |t 0 
856 4 0 |u http://proxy.library.tamu.edu/login?url=https://congressional.proquest.com/congcomp/getdoc?HEARING-ID=HRG-1974-SAP-0010  |z Connect to the full text of this electronic book  |t 0 
856 4 0 |u http://proxy.library.tamu.edu/login?url=https://congressional.proquest.com/congcomp/getdoc?HEARING-ID=HRG-1974-SAP-0011  |z Connect to the full text of this electronic book  |t 0 
856 4 0 |u http://proxy.library.tamu.edu/login?url=https://congressional.proquest.com/congcomp/getdoc?HEARING-ID=HRG-1974-SAP-0012  |z Connect to the full text of this electronic book  |t 0 
856 4 0 |u http://proxy.library.tamu.edu/login?url=https://congressional.proquest.com/congcomp/getdoc?HEARING-ID=HRG-1973-SAP-0012  |z Connect to the full text of this electronic book  |t 0 
998 |a cis07400756 
999 |a MARS 
999 f f |s 40891f18-747f-3540-a7c3-869ce082d9a6  |i 86ab2af3-ed51-36a3-8976-738ae7d6a525  |t 0 
952 f f |a Texas A&M University  |b College Station  |c Electronic Resources  |s www_evans  |d Available Online  |t 0  |e HRG-1973-SAP-0012  |h Other scheme 
998 f f |a HRG-1973-SAP-0012  |t 0  |l Available Online